| 000 | nam a22 a 4500 | ||
|---|---|---|---|
| 999 |
_c4300 _d4300 |
||
| 003 | AKMAL | ||
| 005 | 20170526160412.0 | ||
| 008 | 170526s1999 my l 00 may d | ||
| 020 |
_a9678909790 (kkt.): _cRM 15.00 |
||
| 082 | 0 | 4 |
_a343.0871 LEM _221 |
| 090 | 0 | 0 |
_a343.0871 _bLEM |
| 110 | 1 |
_aMalaysia _9400 |
|
| 245 | 1 | 0 |
_aAkta Lembaga Minyak Sawit Malaysia 1998 (Akta 582) : _bhingga 1hb. Januari 1999 = Malaysian Palm Oil Board Act 1998 (Act 582) / _cdisusun oleh Lembaga Penyelidikan Undang-undang |
| 260 |
_aKuala Lumpur : _bInternational Law Book Services, _c1999 |
||
| 300 | 0 | 0 |
_a123ms. ; _c24cm |
| 500 | _aTeks sejajar bahasa Malaysia dan bahasa Inggeris | ||
| 650 | 0 |
_aPalm oil _xLaw and Legislation _zMalaysia _98378 |
|
| 710 | 2 |
_aLembaga Penyelidikan Undang-Undang _98379 |
|
| 740 | 0 | 2 | _aMalaysian Palm Oil Board Act 1998 (Act 582) |
| 942 |
_2ddc _cBOOK |
||